| 000 | 01350cam a22003737a 4500 | ||
|---|---|---|---|
| 003 | CHAP | ||
| 005 | 20220329142749.0 | ||
| 008 | 030728d2003 mx a r 00110 spa d | ||
| 010 | _a87456 | ||
| 011 | _a88428 | ||
| 035 | _a98973 | ||
| 040 | _cCHAP | ||
| 090 | _aTesis | ||
| 100 | 0 | 0 |
_aDowns Rocha, José Gregorio. _934127 |
| 245 | 1 | 0 |
_aEstudio tecnológico de la madera de Gmelina arborea Roxb., proveniente de plantaciones jóvenes del estado de Campeche _c/por José Gregorio Downs Rocha |
| 260 |
_aChapingo, Méx. : _bEl autor, _c2003. |
||
| 300 |
_a59 h. ; _bilus. |
||
| 502 | _aTesis (Ing. Forestal) -- UACH. División de Ciencias Forestales | ||
| 590 |
_aALEPH _b10 _c20130110 _lUCH01 _h1454 |
||
| 590 |
_aBATCH-UPD _b10 _c20130110 _lUCH01 _h1348 |
||
| 590 |
_aBATCH-UPD _b10 _c20130410 _lUCH01 _h0846 |
||
| 590 |
_aBATCH-UPD _b10 _c20130914 _lUCH01 _h1556 |
||
| 590 |
_aCONVERSION _b10 _c20130109 _lUCH01 _h1348 |
||
| 650 | 1 | 4 |
_aGmelina arborea. _948343 |
| 650 | 1 | 4 |
_aMadera _xAnálisis. _969595 |
| 650 | 1 | 4 |
_aMadera _xPropiedades y usos. _969621 |
| 650 | 1 | 4 |
_aPlantación de árboles. _988782 |
| 650 | 1 | 4 |
_aPropiedades mecánicas. _992425 |
| 901 | _aBK | ||
| 905 | _aMayto Villalobos S. | ||
| 942 | _cFOLL | ||
| 949 |
_aTesis _bBC _cTES _d33724000898920 _eTS2 _fc.2 _h41114 _i98973 _sb |
||
| 949 |
_aTesis _bBC _cTES _d98973123 _eTS1 _h41113 _i98973 _sb |
||
| 999 |
_c87456 _d87456 |
||